Cơ sở hoá học phức chất

Uloženo v:
Podrobná bibliografie
Hlavní autor: Trần, Thị Bình
Médium: Kniha
Jazyk:Vietnamese
Vydáno: Khoa học và kỹ thuật 2008
Tagy: Přidat tag
Žádné tagy, Buďte první, kdo otaguje tento záznam!
Thư viện lưu trữ: Mạng thư viện Đại học Đà Nẵng
LEADER 00637nam a2200253 4500
001 000021750
003 18198
005 20150423090435.0
008 150423s2008 viesd
020 |c 58000 
041 0 |a vie 
082 1 4 |a 540  |b TR-B 
100 1 |a Trần, Thị Bình 
245 1 0 |a Cơ sở hoá học phức chất  |c Trần Thị Bình 
260 |b Khoa học và kỹ thuật  |c 2008 
300 |a tr.  |c cm. 
OWN |a LSP 
999 |a From the UDN01 
TYP |a Monograph 
TYP |a Printed language 
980 |a Mạng thư viện Đại học Đà Nẵng